Państwa graniczące ze Słowacją - Statystyki

Ogólne statystyki
  • Ten quiz został rozwiązany 38 razy
  • Średni wynik to 5 z 5
Statystyki odpowiedzi
Państwo % Poprawnych
Polska
100%
Ukraina
100%
Węgry
100%
Czechy
97%
Austria
87%
Nie znaleziono quizów pasujących do podanych kryteriów
Rozkład punktacji
Procent ludzi z każdym wynikiem
Percentyl według liczby udzielonych odpowiedzi
Twoja historia wyników
Nie rozwiązałeś tego quizu